| 000 | 00720nam a2200265 u 4500 | ||
|---|---|---|---|
| 001 | 000002039 | ||
| 003 | DO-SdBNP | ||
| 005 | 20171130094607.0 | ||
| 008 | 090630s1978 d 000 0 spa d | ||
| 020 | _a9681501837 | ||
| 040 |
_aBPMSU _bspa _cBPMSU |
||
| 092 |
_a cc _bccc |
||
| 100 | 1 |
_aBoccanera, Jorge, _d1952- |
|
| 245 | 1 | 3 |
_aPoesía rebelde en Latinoamérica / _cJorge Alejandro Boccanera, Saúl Ibargoyen Islas. |
| 260 |
_aMexico : _bMexicanos Unidos, _c 1978 |
||
| 300 |
_a348 p. ; _c18 cm. |
||
| 490 | _aJorge Ortega Torres. | ||
| 500 | _a | ||
| 650 | 4 | _a | |
| 650 | 4 | _a | |
| 910 | _a | ||
| 942 |
_2ddc _cBK |
||
| 945 | _aInventariado extranjero / 2017 VM | ||
| 956 |
_aVMATEO _b10 _c20150728 _lBPMSU _h0069 |
||
| 999 |
_c13220 _d13220 |
||